| 000 | 00959nam a22001337a 4500 | ||
|---|---|---|---|
| 040 | _cRUA | ||
| 082 | _aAVM KEO 2010 B096 Or.1 | ||
| 100 | _aKEO, SOPISITH. | ||
| 245 | _aThe effect of using bunching and shrimp by production growth rate of avian broiler at the animal experimental station of royal university of agriculture, ឥទ្ធិពលនៃការប្រើប្រាស់កាកសំណល់ស្លឹកខ្តឹមស្រស់ និងអនុផលបង្គាលើចំណីCP លើការលូតលាស់របស់មាន់សាច់ពូជAVIAN នៅក្នុងស្ថានីយពិសោធន៍សត្វនៃសាកលវិទ្យាល័យភូមិន្ទកសិកម្ម | ||
| 260 |
_aPhnom Penh _bRUA _c2010 |
||
| 300 |
_ax; 43p. _bill. _c29cm. |
||
| 856 | _uhttps://drive.google.com/file/d/1e5Dd7DcP9Bn9UVGJ8q7DGnYD8E0f0G2w/view?usp=sharing | ||
| 942 | _cAVM | ||
| 999 |
_c2466 _d2466 |
||